00352nam a2200121 a 4500008004100000050001500041100002000056245006000076246001900136260004300155300002300198350000900221120416s1961 ||||||||||||||||| || u aN 5310 Sym aSmith, Marian W14aThe artist in tribal societycedited by Marian W. Smith aproceedings... aLondonbRoutledge and Kegan Paulc1961 axiii, 150p. : ill. a0.00